Diferenciace evropské integrace - teorie a koncepty
Teoretické prístupy k diferenciácii európskej integrácie. Zmeny v chápaní diferenciácie. Základný Stubbov koncept európskej integrácie. Reakcia konvenčnej teórie európskej integrácie na diferenciáciu. Aktuálny vývoj teórie diferenciácie a výzvy do budúcna.
Saved in:
| Main Author: | |
|---|---|
| Format: | Book Chapter |
| Language: | Czech |
| Subjects: | |
| Tags: |
No Tags, Be the first to tag this record!
|
MARC
| LEADER | 00000naa a2200000 4500 | ||
|---|---|---|---|
| 001 | 0240042 | ||
| 005 | 20221104112415.0 | ||
| 041 | 0 | |a cze | |
| 044 | |a CZ | ||
| 245 | 1 | 0 | |a Diferenciace evropské integrace - teorie a koncepty |c Barbora Hronešová |
| 520 | |a Teoretické prístupy k diferenciácii európskej integrácie. Zmeny v chápaní diferenciácie. Základný Stubbov koncept európskej integrácie. Reakcia konvenčnej teórie európskej integrácie na diferenciáciu. Aktuálny vývoj teórie diferenciácie a výzvy do budúcna. | ||
| 610 | 2 | 0 | |a integrácia ekonomická medzinárodná |
| 610 | 2 | 0 | |a Európa |
| 610 | 2 | 0 | |a spolupráca hospodárska medzinárodná |
| 610 | 2 | 0 | |a teórie ekonomické |
| 100 | 1 | |a Hronešová, Barbora | |